000 00873nam0a22002531 4500
001 rc\221619
005 20260406152027.0
010 _a5-7519-0094-4
_925000
035 _a(NLR Aleph) 005476045
090 _a5088037
_c5088038
100 _a20030307d1995 |||y0rusy50 ca
101 0 _arus
102 _aRU
105 _aa |||||||||
200 1 _aЗаниматика
_eЗанимат. математика для мальчиков и девочек 4-7 лет
_fНаписал и нарисовал Георгий Юдин
210 _aМ.
_cРосмэн
_dБ. г. (1995)
215 _a125, [2] с.
_cил.
_d27
700 1 _4070
_7ca
_8rus
_aЮдин
_bГ. Н.
_f1943-2022
_gГеоргий Николаевич
_3RU\NLR\AUTH\775691
_9115650
801 0 _aRU
_bNLR
_gpsbo
801 1 _aRU
_bELAR
_2rusmarc
852 _aNLR
_j95-7/748
942 _cBOOK
980 _aNB